00803 a2200205 4500020001800000050001800018100003300036245010600069250001700175264005100192300006200243500005100305504005100356650002800407650002000435650003400455650004200489650004500531700002100576 a978032305267200aRC48 PFE 2011 a Pfenninger, John L.eauthor00aPfenninger and Fowler's procedures for primary care /cedited by John L. Pfenninger, Grant C. Fowler. a3rd edition. aPhiladelphia, PA : bMosby Elsevier,c ♭2011 axxxv, 1733 pages. :billustrations. (chiefly coloured.) ; aIncludes bibliographical references and index. aIncludes bibliographical references and index. 0aPrimary care (Medicine) 0aSurgery, Minor.12aPrimary Health Carexmethods.22aDiagnostic Techniques and Procedures.22aSurgical Procedures, Operativexmethods.1 aFowler, Grant C.